00435 2200169 4500001002100000008004100021035002000062245005700082100001600139250000600155260004500161300001100206084001400217082000800231650001400239990001200253INLIS000000000001107 ind  a0010-0524000342 aSebelum Anda Mengambil Keputusan ItucH.M.Anis Matta aMatta, Anis a1 aBandung :bPT. Syaamil Cipta Mediac2003 a76 hlm a100 ANI s a100 aNon Fiksi a0744085